MDQL
is popping MORE tags! Check the
thread
!
Quizzes
Events
Quiz Creation
Community
Videos
Private Events
Remove Ads
Sign In
Join for FREE
Feedback
Dark Mode
Quiz Categories
Sports
Geography
Music
Movies
Television
Just For Fun
Miscellaneous
History
Literature
Language
Science
Gaming
Entertainment
Religion
Holiday
For Kids
Quiz Lab
Recent
Popular Today
Quiz Kudos Today
Editor Picks
Curator Picks
Quizzes by...
Day
Popularity
Type
Ratings
Length
Year
Community
Subscriptions
Recent Discussions
Orange Saloon
Badges
Playlists
Quests
Create
Leaderboards
Showdown
Live 5
Trivia Bingo
Activity
Puzzle Library
Sporcle Events
Private Events
Virtual Trivia
Globe League
Become a Host
Pub Owners
SporcleCon
Opinionation
Our Games
Videos
Blog
Mobile Apps
Partnerships
Remove Ads and Go Orange
Feedback
Sports
Athletes
MLB
NBA
NHL
NFL
Soccer
Sports Teams
WWE
NCAA
Football
Premier League
Basketball
Baseball
Hockey
Golf
Tennis
Cricket
Rugby
Auto Racing
Olympics
World Cup
Sports
Athletes
MLB
NBA
NHL
NFL
Soccer
Sports Teams
WWE
NCAA
Football
Premier League
Basketball
Baseball
Hockey
Golf
Tennis
Cricket
Rugby
Auto Racing
Olympics
World Cup
Random Quiz
Search Sporcle
×
Quiz Lab
Quiz Lab
Sports
NFL
Type in answers that appear in a list
Type in answers that appear in a list
Classic
Best Score? Go Orange.
Multi 1k NFL Rushers Stats
Can you name the players that rushed for 1,000 yards in multiple seasons?
By
BSLO
12m
126 Questions
847 Plays
847 Plays
847 Plays
Comments
Comments
Give Quiz Kudos
Give Quiz Kudos
-
- Ratings
hide this ad
More Info
Replay
Link that replays current quiz
Next Quiz
Link to next quiz in quiz playlist
You Got
0%
They Got
Avg Score
53%
Avg Friend Score
Upgrade to see
Score Distribution
Jump to the score distribution portion of the page
Score
0/126
Timer
12:00
0
Plays Today
# of Seasons
Player
% Correct
11
Emmitt Smith
99.5%
4
Robert Smith
99.1%
2
Antowain Smith
98.9%
10
Barry Sanders
98.2%
8
LaDainian Tomlinson
98%
10
Walter Payton
96.9%
2
Domanick Williams
95.4%
7
Jim Brown
94.6%
2
Gary Brown
94.3%
2
Larry Brown
94.3%
2
Larry Johnson
93.6%
3
Rudi Johnson
93.5%
2
John Henry Johnson
93.3%
2
Ron A. Johnson
93.3%
7
Marshall Faulk
93%
7
Edgerrin James
92.8%
7
Fred Taylor
92.7%
5
Jim Taylor
92.7%
7
Jamal Lewis
92.4%
8*
Steven Jackson
92.2%
2
Earnest Jackson
92%
8
Thurman Thomas
91%
2
Anthony Thomas
91%
6
Tiki Barber
90.7%
4
Stephen Davis
89.7%
4
Terrell Davis
89.7%
5
Shaun Alexander
88.5%
6*
Adrian Peterson
88.5%
5
Thomas Jones
88.2%
8
Franco Harris
87.4%
7
Eddie George
87.1%
7*
Frank Gore
86.8%
7
Eric Dickerson
86.4%
10
Curtis Martin
86.2%
5
Ricky Williams
84.9%
2
Delvin Williams
84.8%
6
Ahman Green
83.5%
2
Brian Westbrook
83.5%
8
Jerome Bettis
83.2%
7
Corey Dillon
82.4%
2*
Alfred Morris
82.4%
6
Ottis Anderson
81.5%
# of Seasons
Player
% Correct
2
Mike Anderson
81.5%
4
Jamal Anderson
81.3%
3
Neal Anderson
81.3%
6
Clinton Portis
81.1%
5
O.J. Simpson
81%
2
Joseph Addai
80.3%
2
Brandon Jacobs
78.2%
3*
Arian Foster
78%
5
Warrick Dunn
77.6%
3
Willie Parker
76.6%
4
Deuce McAllister
76.3%
5*
Marshawn Lynch
75.8%
3*
LeSean McCoy
75.5%
8
Tony Dorsett
72.3%
5
Earl Campbell
68.2%
2*
Ahmad Bradshaw
68%
4
Terry Allen
67.9%
3
Marcus Allen
67.9%
7
Ricky Watters
67.5%
4
Priest Holmes
66%
2*
Reggie Bush
66%
4*
Willis McGahee
64.9%
2*
Shonn Greene
63.9%
2*
Ryan Mathews
61.8%
3
Larry Csonka
56.2%
3
Roger Craig
54.8%
4
Garrison Hearst
53.5%
3
Joe Morris
52.5%
5
John Riggins
50.8%
2*
BenJarvus Green-Ellis
50%
3
Greg Bell
49.7%
6*
Chris Johnson
49.2%
2
Herschel Walker
48.9%
2
Gale Sayers
47.2%
2
Dorsey Levens
46.9%
2*
DeAngelo Williams
45.3%
2
Christian Okoye
44.2%
3
Travis Henry
41%
3
Earnest Byner
40.9%
3
Duce Staley
37%
2
Ryan Grant
36.2%
4
Curt Warner
35.2%
# of Seasons
Player
% Correct
5
Rodney Hampton
33.8%
3
Billy Sims
32%
4
George Rogers
30.1%
2
James Stewart
29.9%
3
Gerald Riggs
28.8%
2
Reuben Droughns
28.6%
4
Chris Warren
28.2%
2
Freeman McNeil
27.9%
2
Charlie Garner
27.3%
2
Calvin Hill
26.1%
3
Wilbert Montgomery
24.8%
3
James Brooks
22.6%
3*
Maurice Jones-Drew
22.2%
2
James Wilder
21.7%
3
Chuck Foreman
21.6%
4*
Ray Rice
20.9%
4*
Jamaal Charles
20.4%
4*
Matt Forte
19.8%
3
Michael Turner
19.5%
2*
Rashard Mendenhall
18.7%
3
Adrian Murrell
17.9%
2
Joe Perry
17.6%
2
Errict Rhett
17%
3
Leroy Kelly
16.9%
2
Steve Van Buren
16.2%
3
Lydell Mitchell
16.1%
3
Cedric Benson
15.9%
4
William Andrews
15.8%
4
Mike Pruitt
14.4%
3
Greg Pruitt
14.4%
2
Bobby Humphrey
13.9%
2
Chuck Muncie
13.8%
3
Wendell Tyler
13.2%
3
Mark van Eeghen
12.6%
3
Joe Cribbs
11%
3
John Brockington
10.6%
2
Jim Nance
10.6%
4
Lawrence McCutcheon
10.4%
2
Otis Armstrong
9.1%
2
Mike Garrett
9.1%
2
Paul Lowe
3.7%
2
Dick Bass
3.2%
Quiz Playlist
Details
Report
Send in Message
Add To Playlist
More Info:
* - still active
Classic:
Type in answers that appear in a list
Quiz Source
Last Updated: Feb 16, 2017
Quiz Scoreboard
CHALLENGE
Sign Up to Join the Scoreboard
Show All
Scores
Hide
Comments
May contain spoilers
Recently Published
Colored Red Africa Blitz
by spor1
Geography
30s
Find the 'City' Movie
by crazypaving
Movies
60s
5x2 Blitz: Bands
by SL_Kpop136
Music
30s
More to Explore
Quiz From the Vault
Featured Blog Post
14 Easter Pick-up Lines to Find Eggs With
hide this ad
You Might Also Like...
Tags
NFL Quiz
1000
multi
multiple
Player
Rushed
Rusher
season
team
Yard
Today's Top Quizzes in Sports
Browse Sports
hide this ad
Today's Top Quizzes in NFL
Browse NFL
Top Contributed Quizzes in Sports
1
Players with Multiple 50 Home Run Seasons
2
Criteria MLB: Left Handed Sluggers
3
MLB Players with Two .350 Batting Average Seasons
4
Who Hit More Homers?
5
Premier League Clubs since 2000 (minefield)
6
Who Needs Fielders?
7
2020 F1 Drivers Logic Puzzle
8
Les entraîneurs de l'OM et du PSG au 21e siècle
9
Top 10 NHL Goal Scorers of All Time
10
MLB Hall of Famer by Rings
Explore More
Trending Topics
NBA
Marvel
Harry Potter
Kpop
Crossword
Anime
Disney
Puzzle
Soccer
Pokémon
The Office
NFL
WWE
Song
Country
hide this ad
More By:
BSLO
Quiz
Plays
Rating
Category
Featured
Created
Top 50 NHL Scorers Not in the Hall of Fame
31,058
4.36
Sports
Oct 20, 2009
NASCAR Modern Era Winners
2,926
4.06
Sports
Oct 18, 2009
NHL 30-Goal Scorers in the 00's
2,856
4.11
Sports
Nov 11, 2009
NFL Single-Game 100 Yard Rushers
2,455
3.89
Sports
Nov 4, 2009
QB's with 5,000+ passing yards in 1990's
1,893
4.25
Sports
Oct 14, 2009
Go to Creator's Profile
Score Distribution
Quiz Creator Spotlight
BSLO
Follow
Send a Message
Quizzes Created
-
Created Quiz Play Count
-
More By This Creator
Popular Quizzes Today
1
Find the 'City' Movie
2
Colored Red Africa Blitz
3
5x2 Blitz: Bands
4
Find the US States - No Outlines Minefield
5
The Countries of the World
6
Find the US States
7
9x9 Crossword: Cartoon Network
8
US States
More Sports Quizzes
College Mascot Names
Quiz Lab
Trending Quizzes
Colored Red Europe Blitz I
Colored Red Africa Blitz II
Colored Red Africa Blitz III
Colored Red Europe Blitz III
Colored Red Europe Blitz II
Recently Updated
Champions League XIs: Real Madrid
pecheneg
Largest US Cities 1790-2010
pecheneg
Rides in Walt Disney World
pecheneg
Most Oscar Losses (Acting)
pecheneg
Beyoncé Albums
pecheneg
Leaping Animals
pecheneg
Reality TV Shows (A-Z)
bhenderson79
Rickey Henderson's Hall of Fame Teammates
pecheneg
Champions League XIs: Arsenal
pecheneg
Quick Pick: Celebrities in WWE's Hall of Fame
aduchscher
Trending Topics
NBA
Harry Potter
Crossword
Disney
Kpop
Marvel
Anime
Song
WWE
NFL
Pokémon
Puzzle
The Office
Soccer
Country
Your Account Isn't Verified!
In order to create a playlist on Sporcle, you need to verify the email address you used during registration. Go to your
Sporcle Settings
to finish the process.
Report this User
Report this user for behavior that violates our
Community Guidelines
.
Details:
Send Report
Go to the Sporcle.com Mobile Site →
Comments